000 01089nam a22002297a 4500
999 _c8566
_d8566
003 AR-CdUCM
008 190325b ||||| |||| 00| 0 spa d
020 _a8401440823
040 _aMUNICIPALIDAD PROVINCIAL DEL CUSCO
_cBIBLIOTECA MUNICIPAL DEL CUSCO
082 _a858.9 /
_bG84
100 _aGuareschi, Giovanni
_912303
245 _aDon camilo y los jóvenes de hoy /
260 _aBarcelona :
_bPlaza & Janes editores :
_b[Rotativa],
_c1974.
300 _a138 páginas ;
_c18.5 cm.
505 _aResumen: En esta obra póstuma de Giovann Guareschi vemos reaparecer las inolvidables figuras de don Camilo y Peppone, aunque un tanto envejecidos: enzarzados, como siempre, en querellas sin malicia, tan llenas de filosofía como de humor sutil, y desconcertados ante los imprevistos problemas que, cada uno por su cuenta debe afrontar.
650 _aNarrativa italiana - Siglo XX
_923992
650 _aLiteratura - Italia
_923993
650 _aAutores italianos contemporáneos
_923994
700 _aPruna, Domingo (Traducción)
_923995
942 _2ddc
_cLIBROS
945 _alccs